000 00380nam a22001457a 4500
003 macl
005 20170909124232.0
008 170909b xxu||||| |||| 00| 0 eng d
040 _cmacl
100 _aTamilanban, Erode
_969076
245 _aWhat the Sun Said Last.... and other poems
260 _aNew Delhi
_bSahitya Akademi
_c2016
650 _aPoetry
_969077
942 _2ddc
_cBK
999 _c57017
_d57017